Estadísticas para Primeros Países en Llegar a 5 Millones de Población

Haz click aquí para intentar la prueba.

Estadísticas generales

  • Esta prueba ha sido intentada 2.872 veces
  • La puntuación promedio es 15 de 20

Estadísticas de respuestas

AñoPaís% Correcto
2000 A.C.China
99%
200España
96%
1 B.C.Francia
95%
100 A.C.Italia
95%
1200Rusia
94%
1100Alemania
93%
2000 A.C.India
93%
1600Reino Unido
92%
600Japón
90%
1600Egipto
84%
200 A.C.Turquía
78%
800México
77%
400Irán
72%
1000Indonesia
68%
1100Pakistán
61%
1600Polonia
60%
1200Nigeria
52%
1300Perú
48%
600Bangladés
46%
1400República Democrática
del Congo
43%

Distribución de puntuación

Porcentaje por número respondido

Porcentaje de gente con cada puntuación

Historial de tus puntuaciones

No has intentado esta prueba.